000 01112nam a2200325 c 4500
003 BLK
005 20230812114008.0
008 180410b bul|||||r ||||||| ||bul||
010 _aKNG00169755000
020 _a978-619-152-261-3
_bиздат.: Изток-Запад
040 _aBLK
041 _aBUL
_cBUL
072 7 _2bullib
_aН84
_xБългарска художествена литература Н
080 _aБългарска литература
_b821.163.2
_x-31
_z821.163.2-31
100 _aПетрова, Диана Гочева
_d1978-
_9335609
139 _aПетрова, Диана Гочева
_bП 47
245 1 0 _aАна
_cДиана Гочева Петрова.
257 _aBGR
260 София
_bИзток-Запад
_c2013
300 _a264 с.
_c22 см
380 _aX
490 1 _aБиблиотека Гравитация
659 _aН
852 _aЦб 272263
856 4 _qpdf
_u
856 4 _qpdf
_u
942 _cKNG
_n0
944 _aCR
_c19.01.2015
_k30560
_lГеновева Генчева
944 _aED
_c16.06.2015
_kГрета_Цуфелде
999 _c162378
_d162378